| 000 | 00645nam a2200193Ia 4500 | ||
|---|---|---|---|
| 005 | 20260429112328.0 | ||
| 008 | 260429s9999||||xx |||||||||||||| ||und|| | ||
| 020 | _a9788180315442 | ||
| 041 | _aHindi | ||
| 082 |
_a891.43 _bMIS |
||
| 100 | _aमिश्र, सत्यप्रकाश | ||
| 245 | 0 |
_aजयशंकर प्रसाद ग्रंथावली / _cसत्यप्रकाश मिश्र |
|
| 250 | _a1st rev. | ||
| 260 |
_aप्रयागराज : _bलोकभारती प्रकाशन, _c2023. |
||
| 300 | _a704 p.; hb | ||
| 440 | _vVol. 4 | ||
| 650 | _aHindi Literature | ||
| 942 | _cTB | ||
| 999 |
_c53519 _d53519 |
||